| Поле | Инд. | ПП | Название | Значение |
|---|---|---|---|---|
| Тип записи | a | |||
| Библиографический уровень | m | |||
| 001 | Контрольный номер | RU\USATU\books\226419 | ||
| 005 | Дата корректировки | 20150513113626.7 | ||
| 020 | a | ISBN | 978-5-8114-0809-2 | |
| 040 | c | Служба, преобразующая запись | USATU | |
| d | Организация, изменившая запись | НБ ТвГУ | ||
| 041 | a | Код языка текста | rus | |
| 044 | a | Код страны публикации | RU | |
| 080 | a | Индекс УДК | 517.54(075.8) | |
| 084 | a | Индекс другой классификации/Индекс ББК | В161.55я73-1 | |
| 090 | a | Полочн. индекс | В161.5 | |
| x | Авторский знак | Е 14 | ||
| 100 | 1_ | a | Автор | Евграфов Марат Андреевич |
| q | Полное имя | Евграфов М. А. | ||
| 245 | a | Заглавие | Аналитические функции | |
| b | Продолж. заглавия | учебное пособие | ||
| 250 | a | Основные сведения об издании | Изд. 4-е, стер. | |
| 260 | a | Место издания | Санкт-Петербург [и др.] | |
| b | Издательство | Лань | ||
| c | Дата издания | 2008 | ||
| 300 | a | Объем | 447 с. | |
| c | Размеры | 21 см | ||
| 440 | a | Серия | Классическая учебная литература по математике | |
| 440 | a | Серия | Лучшие классические учебники | |
| 440 | _0 | a | Серия | Знание. Уверенность. Успех! |
| 440 | a | Серия | Учебники для вузов. Специальная литература | |
| 504 | a | Библиография | Библиогр.: с. 441-442 | |
| 504 | a | Библиография | Алф. указ.: с. 443-447 | |
| 520 | a | Аннотация | Со времени первого издания книга пользуется большим спросом, однако является библиографической редкостью. Своим содержанием и методическим подходом она по-прежнему сильно отличается от других учебников по теории аналитических функций. Теория многозначных аналитических функций, излагаемая на основе аналитического продолжения, помещена в начале книги, что способствует выработке правильной точки зрения на изучаемый предмет и лучшему пониманию всего дальнейшего материала. Учебное пособие предназначено для студентов университетов и технических вузов с расширенной программой по математике. | |
| 650 | a | Основная рубрика | Функции аналитические | |
| x | Основная подрубрика | Учебники для вузов | ||
| 650 | 14 | a | Основная рубрика | Математический анализ |
| 653 | a | Ключевые слова | Аналитические функции | |
| 653 | a | Ключевые слова | Математический анализ | |
| 653 | a | Ключевые слова | Функции (мат.) | |
| 653 | a | Ключевые слова | Теория функций | |
| 920 | a | Оператор | Стру | |
| 930 | a | Новая/Ретро | учебники | |
| 952 | c | Вид литературы | К ру | |
| 954 | a | Дата поступления на обработку | 20091125 |